000 01044nam a2200301 a 4500
001 24942
003 CO-ViMGA
008 141112s2004 ck r 000 u spa d
020 _a9789587584561
040 _aCO-ViMGA
_bspa
_cCO-ViMGA
041 _aSPA
090 _aA WEL2
100 1 _aWells, Rosemary, 1943 -
_92578
245 1 0 _aLa increíble mamá de Roberta /
_ctexto e ilustraciones de Rosemary Wells ; traducido por Yolanda Reyes
250 _a1a ed.
260 _aBogotá :
_bAlfaguara,
_c2012
300 _a32 p. : il. col. : il.
490 _aNidos para la lectura : yo no leo alguien me lee
650 1 4 _aAUTORES ESTADOUNIDENSES
_9718
650 1 4 _aDESDE LOS 3 AÑOS
_937549
650 1 4 _aILUSTRADORES ESTADOUNIDENSES
_937550
650 1 4 _aLITERATURA INFANTIL ESTADOUNIDENSE
_9717
650 1 4 _aNIÑOS TRAVIESOS - LIBROS DE IMAGENES
_937551
650 1 4 _aRELACION MADRE - HIJOS - LIBROS DE IMAGENES
_937552
700 1 _aReyes, Yolanda, 1959 -
_937553
700 1 _aWells, Rosemary, 1943 -
_92578
942 _2ddc
_cBK
999 _c9667
_d9667